000 00291nam a2200109Ia 4500
008 190216s9999||||xx |||||||||||||| ||und||
100 _aRavi Varma L A
245 0 _aMalayalam-Oru Veshyayude Athmakatha
260 _bSahithya Pravarthaka Sahakarana Sangam
650 _aMalayalam
942 _cBK
999 _c25372
_d25372